| 000 | 01664nam a22003137a 4500 | ||
|---|---|---|---|
| 005 | 20260121150050.0 | ||
| 008 | 260121t2025 ja eod||r|||| 00| 0 eng d | ||
| 020 | _a9784882552031 | ||
| 041 | _aeng | ||
| 082 | _aF 333.332 YAM | ||
| 100 | _aYamamoto, Issei | ||
| 245 |
_aMethods of Land Valuation by Public Agencies _b: a practical guide for Global Asset Valuation Professionals incorporating a unique interpretation of Japanese methods of Land Valuation for Property Tax Purposes for determining "fair market value" |
||
| 260 |
_aJapan, _bKochi Real Estate Appraisal Office, _cMay 2025 |
||
| 300 |
_a405pp _c26cm |
||
| 500 | _aDonated by the author | ||
| 520 | _aIntended to serve as a reference for land asset valuation professionals at public institutions worldwide. The central valuation concept of IVS aligns with Japan's "normal price' (seijo kakaku) in Japan's Real Estate Appraisal Standards. Despite the difference in terminology, both benchmarks target a market value based on set definitions. Chapters on: Fundamentals of Land Valuation for Property Tax Purposes; Classification of Functional use Districts and Neighbourhood Districts; Identifying Land Use Categories; Parcel Identification; Setting Roadside Prices and applying the Parcel Calculation method | ||
| 650 | _aFAIR MARKET VALUE | ||
| 650 | _aINTERNATIONAL VALUATION STANDARDS | ||
| 650 | _aJAPAN | ||
| 650 | _aJAPANESE REAL ESTATE APPRAISAL STANDARDS | ||
| 650 | _aLAND USE CATEGORISATION | ||
| 650 | _aNORMAL PRICE | ||
| 650 | _aVALUATION | ||
| 651 | _aInternational | ||
| 651 | _aJapan | ||
| 690 |
_aValuation _96273 |
||
| 700 | _aYamamoto, Issei | ||
| 942 | _n0 | ||
| 999 |
_c122235 _d122235 |
||